000 00987cam a2200253 4500
001 ABS63564
008 000000n2000 000 0 eng u
035 _a(Sirsi) u110980
100 _aDuddridge, R.
245 4 _aThe use of expert witnesses under the Civil Procedure Rules
260 _c2000
490 _aRent Review and Lease Renewal
_v(4) December 2000, 217-224(8)
520 _aConsiders the role of expert witnesses in landlord and tenant disputes, with reference to issues that have surfaced in recent cases regulated by the Civil Procedure Rules 1998.
590 _aABS
650 _aEXPERT WITNESS
_96239
650 _aCIVIL PROCEDURE RULES 1998
650 _aIMMUNITY FROM PROSECUTION
650 _aSTEVENS V GULLIS
650 _aFIELD V LEEDS CC
650 _aDANIELS V WALKER
650 _aROBIN ELLIS LTD V MALRIGHT LTD
690 _aMANAGEMENT-DISPUTE AVOIDANCE, MANAGEMENT AND RESOLUTION-DISPUTE MANAGEMENT AND RESOLUTION-EXPERT WITNESSES
942 _n0
999 _c66144
_d66144